000 00791nam a2200193 a 4500
003 0
005 20250522153952.0
008 030519s19uu xx 00 eng d
050 _aPHS LB 3217
_b.C37 2003
100 _aCastañeda, Juan Luis Navarro.
245 _aThe After-school activities and its effects on academic performance of selected secondary schools /
_cJuan Luis Navarro Castañeda.
260 _aLas Piñas City, Philippines :
_bSouthville International School and Colleges,
_c2003.
300 _a127 pages :
_billustrations ;
_c28 cm.
504 _aIncludes bibliographical references.
650 _aAfter-school activities
_xStudy and teaching.
650 _aExtracurricular activities
_xEffect of.
650 _aAcademic achievement
_xStudy and teaching.
942 _2lcc
_cPASS
999 _c96771
_d96771